• 首页
  • 本馆介绍
  • 公告通知
  • 最新文献
  • 馆藏检索
  • 电子资源
  • 读者导购
  • 参考咨询
  • 我的图书馆
  • 登录
  • 详细信息显示
  • 放入我的书架
  • 预约/预借图书
  • 作者相关作品
  • 分类相关作品
  • 丛书相关作品
  • 出版社相关作品

书目信息

  • 表格格式
  • 工作单格式
  • 卡片格式
题名:
互换性与技术测量
    
 
作者: 余兴波 主编
分册:  
出版信息: 武汉   华中科技大学出版社  2014
页数: 205页
开本: 26cm
丛书名: 高等院校机械类应用型本科“十二五”创新规划系列教材
单 册:
中图分类: TG801
科图分类:
主题词: 零部件--Ling Bu Jian--互换性--高等学校--教材 , 零部件--Ling Bu Jian--测量技术--高等学校--教材
电子资源:
ISBN: 978-7-5609-9652-3
000 01173nam 2200289 450
001 012001001245
005 20131107171826.0
010    @a978-7-5609-9652-3@dCNY27.00
099    @aCAL 012014157144
100    @a20141210d2014 em y0chiy50 ea
101 0  @achi
102    @aCN@b420000
105    @aak a 000yy
106    @ar
200 1  @a互换性与技术测量@AHu Huan Xing Yu Ji Shu Ce Liang@f主编余兴波
210    @a武汉@c华中科技大学出版社@d2014
215    @a205页@c图@d26cm
225 2  @a高等院校机械类应用型本科“十二五”创新规划系列教材@AGao Deng Yuan Xiao Ji Xie Lei Ying Yong Xing Ben Ke “shi Er Wu ”chuang Xin Gui Hua Xi Lie Jiao Cai
320    @a有书目
330    @a全书共十章,包括绪论、极限与配合、技术测量基础、几何公差、表面粗糙度、光滑极限量、常用结合件的互换性、尺寸链、渐开线圆柱齿轮传动的互换性、三坐标测量机等内容。
410  0 @12001 @a高等院校机械类应用型本科“十二五”创新规划系列教材
606 0  @a零部件@ALing Bu Jian@x互换性@x高等学校@j教材
606 0  @a零部件@ALing Bu Jian@x测量技术@x高等学校@j教材
690    @aTG801@v4
701  0 @a余兴波@AYu Xing Bo@4主编
801  0 @aCN@b北京卓展@c20191020
905    @b1197849-52@dTG801@e19@f4
    
    互换性与技术测量/主编余兴波.-武汉:华中科技大学出版社,2014
    205页:图;26cm.-(高等院校机械类应用型本科“十二五”创新规划系列教材)
    
    
    ISBN 978-7-5609-9652-3:CNY27.00
    全书共十章,包括绪论、极限与配合、技术测量基础、几何公差、表面粗糙度、光滑极限量、常用结合件的互换性、尺寸链、渐开线圆柱齿轮传动的互换性、三坐标测量机等内容。
●
相关链接 在E读中查询图书 在五车中查询图书 在当当中查询图书 在豆瓣中查询图书


正题名:互换性与技术测量     索取号:TG801/19         预约/预借

序号 登录号 条形码 馆藏地/架位号 状态 备注
1 1197849   211978494   第二样本阅览室/ [索取号:TG801/19] 在馆    
2 1197850   211978500   第三借阅区/ [索取号:TG801/19] 在馆    
3 1197851   211978519   第三借阅区/ [索取号:TG801/19] 在馆    
4 1197852   211978528   第三借阅区/ [索取号:TG801/19] 在馆    
唐山师范学院图书馆 欢迎您!
大连网信软件有限公司© 版权所有